000 00471nam a2200193Ia 4500
003 OSt
005 20230304123749.0
008 210210b1956 xxu||||| |||| 00| 0 eng d
040 _cAL
041 _aeng
082 _a386/59
100 _aRANGASWAMI (M R)
_974128
245 _aIndian companies act (ACT I of 1956)
260 _aAllahabad
_bLaw book corporation
_c1956
300 _alxiii,366
690 _aCompany Law
_974129
906 _a005611
942 _2ddc
_cBK
999 _c125659
_d125659